From Chanakya to Modi: (Record no. 39317)

MARC details
000 -LEADER
fixed length control field 01642nam a22001697a 4500
020 ## - INTERNATIONAL STANDARD BOOK NUMBER
ISBN 9789353579074
082 ## - DEWEY DECIMAL CLASSIFICATION NUMBER
Classification number 327.54
Item number PAN-F
100 ## - MAIN ENTRY--AUTHOR NAME
Personal name Pande, Aparna
245 ## - TITLE STATEMENT
Title From Chanakya to Modi:
Sub Title Evolution of India's Foreign Policy/
Statement of responsibility, etc Aparna Pande
260 ## - PUBLICATION, DISTRIBUTION, ETC. (IMPRINT)
Place of publication Haryana:
Name of publisher Harper
Year of publication 2020.
300 ## - PHYSICAL DESCRIPTION
Number of Pages xii, 224p.
504 ## - BIBLIOGRAPHY, ETC. NOTE
Bibliography, etc Includes index
520 ## - SUMMARY, ETC.
Summary, etc Foreign policy does not exist in a cultural vacuum. It is shaped by national experience and a country's view of itself. In the case of India, the foreign policy paradigm is as deeply informed by its civilizational heritage as it is by modern ideas about national interest. The two concepts that come and go most frequently in Indian engagement with the world -- from Chanakya in the third century BC to Prime Minister Narendra Modi in 2020 -- are autonomy and independence in decision-making. There are also four trends that we can trace: messianic idealism, realism, isolationism and imperial influences -- ideas that have competed with and complemented each other at various points in time.As India pursues modernity and seeks to exercise influence in the contemporary world, an examination of the nation in the context of its history and tradition is crucial. Aparna Pande's From Chanakya to Modi explores the deeper civilizational roots of Indian foreign policy in a manner reminiscent of Walter Russel Mead's groundbreaking Special Providence (2001). It identifies the neural roots of India's engagement with the world outside. An essential addition to every thinking person's library.
650 ## - SUBJECT ADDED ENTRY--TOPICAL TERM
Topical Term Diplomacy -- India
650 ## - SUBJECT ADDED ENTRY--TOPICAL TERM
Topical Term Narendra Modi - Influence
942 ## - ADDED ENTRY ELEMENTS (KOHA)
Source of classification or shelving scheme Dewey Decimal Classification
Koha item type Books
Holdings
Withdrawn status Lost status Damaged status Not for loan Home library Current library Date acquired Source of acquisition Cost, normal purchase price Bill Date Full call number Accession Number Cost, replacement price Price effective from Koha item type
        NASSDOC Library NASSDOC Library 21/03/2024 Overseas Press India Private Limited 288.07 20-03-2024 327.54 PAN-F 54404 399.00 24/05/2024 Books